| 000 | 01113cam a22002894a 4500 | ||
|---|---|---|---|
| 999 |
_c330203 _d330203 |
||
| 001 | 12042234 | ||
| 003 | NUST | ||
| 005 | 20170613130033.0 | ||
| 008 | 000615s2000 caua b 001 0 eng | ||
| 010 | _a 00044528 | ||
| 020 | _a0805331115 | ||
| 040 |
_aDLC _cDLC _dDLC |
||
| 042 | _apcc | ||
| 050 | 0 | 0 |
_aQP519.7 _b.B68 2000 |
| 082 | 0 | 0 |
_a572.028 BOY _221 |
| 100 | 1 |
_aBoyer, Rodney F. _92563 |
|
| 245 | 1 | 0 |
_aModern experimental biochemistry / _cRodney Boyer. |
| 250 | _a3rd ed. | ||
| 260 |
_aIndia : _bPEARSON Education, _cc2009. |
||
| 300 |
_axviii, 493 p. : _bill. ; _c24 cm. |
||
| 500 | _aP.B | ||
| 504 | _aIncludes bibliographical references and index. | ||
| 650 | 0 |
_aBiochemistry _xMethodology. _92564 |
|
| 650 | 0 |
_aBiochemistry _vLaboratory manuals. _92565 |
|
| 650 | 0 |
_aMolecular biology _xMethodology. _92566 |
|
| 650 | 0 |
_aMolecular biology _vLaboratory manuals. _92567 |
|
| 906 |
_a7 _bcbc _corignew _d1 _eocip _f20 _gy-gencatlg |
||
| 942 |
_2ddc _cBK _kIESE |
||